Apollo Astronauts - Statistics

General Stats
  • This quiz has been taken 522 times
    323 since last reset
  • The average score is 20 of 39
Answer Stats
Hint Answer % Correct
Apollo XI* CDR Neil Alden Armstrong
92%
Apollo XI* LMP Edwin R. "Buzz" Aldrin
91%
Apollo XI* CMP Michael Collins
85%
Apolli I CDR Virgil I "Gus" Grissom
76%
Apollo XIII CDR James A Lovell
75%
Apollo I CMP Edward H. White
70%
Apollo VIII CMP James A. Lovell
69%
Apollo XIII LMP Fred Haise
65%
Apollo XIV* CDR Alan B. Shepard
64%
Apollo I LMP Roger Chaffee
62%
Apollo XII* LMP Alan Bean
61%
Apollo XIII CMP John L "Jack" Swigert
61%
Apollo XVII* CDR Eugene A. Cernan
60%
Apollo XII* CDR Charles P. "Pete" Conrad
59%
Apollo VIII CDR Frank Borman
58%
Apollo XVII* LMP Harrison "Jack" Schmitt
52%
Apollo XVI* CDR John W. Young
52%
Apollo XV* CDR David R. Scott
49%
Apollo VIII LMP William A. Anders
49%
Apollo XVI* LMP Charles M. Duke
48%
Apollo XIV* LMP Edgar D. Mitchell
47%
Apollo XVI* CMP Thomas "Ken" Mattingly
46%
Apollo VII CDR Walter M. Schirra
45%
Apollo X LMP Eugene A. Cernan
44%
Apollo XV* LMP James B. Irwin
44%
Apollo X CMP John W. Young
43%
Apollo XII* CMP Richard F. Gordon
42%
Apollo XIV* CMP Stuart A. "Stu" Roosa
42%
Apollo Soyuz DMP Donald K. "Deke" Slayton
39%
Apollo XV* CMP Alfred M. Worden
38%
Apollo X CDR Thomas P. Stafford
38%
Apollo IX CMP David R. Scott
36%
Apollo IX LMP Russell "Rusty" Schweickart
36%
Apollo IX CDR James McDivitt
35%
Apollo XVII* CMP Ronald Evans
35%
Apollo VII LMP R. Walter Cunningham
35%
Apollo VII CMP Donn F. Eisele
34%
Apollo Soyuz CDR Thomas P. Stafford
31%
Apollo Soyuz CMP Vance D. Brand
28%
No matching quizzes found
Score Distribution
Percent of People with Each Score
Percentile by Number Answered
Your Score History
You have not taken this quiz since the last reset